[Event "56th Rubinstein Memorial A 2020"]
[Site "Polanica Zdroj"]
[Date "2020.08.16"]
[Round "2.16"]
[White "Antoniewicz, Jakub"]
[Black "Praczukowski, Stanislaw"]
[Result "0-1"]
[WhiteElo "1806"]
[BlackElo "2132"]
[Annotator "TA"]
[PlyCount "82"]
[EventDate "2020.08.15"]
[EventType "swiss"]
[EventCountry "POL"]
[SourceTitle "playchess.com"]
[Source "ChessBase"]
[SourceQuality "1"]

{[%evp 9,82,-4,0,0,40,35,55,45,48,40,68,52,114,71,212,207,214,220,268,239,238,237,282,59,105,47,49,46,61,50,56,63,78,24,18,16,25,25,21,0,0,0,0,0,0,0,161,71,64,62,68,64,63,68,88,0,0,0,0,0,28,25,70,0,76,71,70,0,116,0,0,-29988,-29988,-29987,-1973]} 1. d4 Nf6 2. Nc3 d5 3. Bf4 g6 4. e3 Bg7 5. h4 h5 6. Nf3 {D00: 1 d4 d5: Unusual lines.} Bg4 {Recently 6...c6 got a lot of attention.} 7. Qd2 Bxf3 8. gxf3 {White is slightly better.} c6 9. O-O-O b5 {[#]} 10. Bd3 $146 ({Predecessor:} 10. Kb1 Nbd7 11. Bd3 Nb6 12. Rhg1 O-O 13. Be5 Nc4 14. Qe1 e6 15. f4 Qe7 16. Ne2 {0-1 (43) Pratyusha,B (2253)-Sasikiran,K (2656) Sitges 2019}) 10... O-O (10... e6 $14) 11. Rhg1 $16 Qa5 (11... Nbd7 $16) 12. Kb1 $1 $18 b4 13. Ne2 c5 14. dxc5 Qxc5 15. Nd4 Nbd7 16. Nf5 $2 (16. Bxg6 $1 $18 fxg6 17. Qd3) 16... e5 {[#]} 17. Nxg7 (17. Bh6 $1 $16 {[%cal Rh6g7]} Bxh6 18. Nxh6+ Kh8 19. e4) 17... Kxg7 $14 18. Bg5 Rfe8 19. f4 Rac8 20. f5 {fxg6 is the strong threat.} e4 21. Bxf6+ ({White should play} 21. Be2 $16) 21... Nxf6 $11 22. Bf1 Re5 23. Bh3 {Hoping for fxg6.} Rc6 24. Rg2 a5 25. Rdg1 {[%cal Rf5g6]} Ng8 26. Rg5 a4 27. Rxh5 Qc4 $2 (27... Ne7 $11 {and Black stays safe.}) 28. Bf1 (28. f6+ $18 {is more deadly.} Kxf6 29. Rxe5 Kxe5 30. Bd7) 28... Qc5 $16 29. Rhg5 Ne7 30. fxg6 Rxg5 31. Rxg5 fxg6 32. Bh3 (32. h5 $16) 32... a3 $11 33. Bd7 Rd6 $40 {[%mdl 128] Black attacks.} 34. Ba4 Rf6 (34... Nf5 $5 {[%cal Rf5h4]}) 35. Bb3 Kh6 36. Kc1 ({And not} 36. Bxd5 Rd6 $17) (36. Rg1 $14) 36... Qb5 (36... Rf8 $11) 37. Rg1 $16 Qc5 38. Rg5 (38. Kb1 $14) 38... Qd6 {[#]} (38... Qb5 $11 39. Rg1 Qb6) 39. Bxd5 (39. bxa3 $1 $16 bxa3 40. Bxd5) 39... Qh2 $11 {Threatens to win with ...Qh1+.} 40. Bc4 $2 {[%mdl 8192]} (40. bxa3 $11 Qxh4 41. Rg3 Qh1+ 42. Kb2 bxa3+ 43. Kxa3) 40... Qh1+ 41. Qd1 axb2+ {Quite a comeback for Black. Accuracy: White = 68%, Black = 58%.} (41... Qxd1+ $142 42. Kxd1 axb2 43. f4 b1=Q+ 44. Ke2 Qxc2+ {[%mdl 64] Double Attack} 45. Kf1 Qxc4+ 46. Kg2 Qxa2+ 47. Kh3 b3 48. h5 gxh5 49. Rg3 b2 50. Rg1 b1=Q 51. Rxb1 Qxb1 52. Kh2 Rg6 53. f5 Qg1+ {[%mdl 64] Double Attack} 54. Kh3 Qh1#) 0-1

[Event "56th Rubinstein Memorial A 2020"]
[Site "Polanica Zdroj"]
[Date "2020.08.16"]
[Round "2.17"]
[White "Goraj, Barbara"]
[Black "Polak, Michal"]
[Result "0-1"]
[WhiteElo "2099"]
[BlackElo "1878"]
[Annotator "TA"]
[PlyCount "160"]
[EventDate "2020.08.15"]
[EventType "swiss"]
[EventCountry "POL"]
[SourceTitle "playchess.com"]
[Source "ChessBase"]
[SourceQuality "1"]

{[%evp 29,160,57,51,18,33,-10,-21,-6,-15,-130,-130,-130,-130,-130,-130,-129,-126,-124,-125,-174,-179,-178,-125,-182,-160,-140,-137,-186,-185,-181,-176,-184,-162,-162,-163,-164,-140,-199,-174,-171,-173,-405,-403,-405,-406,-405,-394,-546,-533,-677,-642,-534,-462,-535,-450,-464,-462,-452,-425,-466,-476,-437,-337,-403,-461,-453,-335,-299,-136,-261,-226,-350,-390,-360,-312,-520,-527,-618,-614,-789,-778,-746,-711,-827,-825,-798,-764,-1727,-1858,-29937,-6406,-29970,-29971,-29971,-29973,-2679,-100,-100,-100,-100,-100,-29979,-29976,-29975,-29977,-29976,-29977,-29977,-8,-8,0,-29977,-29978,-29978,-29979,-29977,-29978,-29978,-29979,-29977,-29975,-29979,-29978,-29987,-29988,-29988,-29989,-29989,-29990,-29990,-29991,-29991,-29992]} 1. e4 c5 2. Nf3 g6 3. d4 cxd4 4. Nxd4 Bg7 5. c4 Nf6 6. Nc3 Nc6 7. Be3 O-O 8. Be2 d6 9. O-O Nxd4 10. Bxd4 Bd7 11. Rc1 Bc6 12. f3 a5 13. b3 Nd7 14. Be3 Nc5 15. Qd2 Qb6 16. Rb1 {B38: Sicilian: Maroczy Bind with 5...Bg7 and 7...0-0.} Qb4 17. Rfc1 a4 {[%cal Ra4b3]} 18. Nd5 {The position is equal.} Qxd2 19. Nxe7+ (19. Bxd2 $11 {was the only way to keep the balance.} axb3 20. axb3 (20. Nxe7+ Kh8 $17)) 19... Kh8 $17 20. Bxd2 axb3 $1 21. axb3 Ra2 22. Rd1 {[#]} Bxe4 $1 {[%mdl 512]} 23. fxe4 Nxe4 24. Bb4 {Strongly threatening Bf3.} Rxe2 {[#]} 25. Kf1 $146 ({Predecessor:} 25. Nd5 Be5 26. Nb6 Re8 27. Rd3 f5 28. Re1 Rxe1+ 29. Bxe1 Nc5 30. Rd1 Nxb3 31. Bf2 {0-1 (37) Doucha,L (2080)-Petrik,T (2487) Slovakia 2008}) 25... Rc2 ({Better is} 25... Rf2+ $19 26. Kg1 Re2) 26. Rbc1 (26. Nd5 $17) 26... Rxc1 27. Rxc1 Be5 28. g3 Ra8 29. Re1 f5 30. Nd5 h5 31. Nc7 Rc8 32. Nb5 Kh7 33. Kg2 (33. Bxd6 $17 Bxd6 34. Rxe4 $1 {[%mdl 576] Remove Defender} fxe4 35. Nxd6) 33... Ra8 34. Rd1 Ra2+ 35. Kf3 $2 (35. Kg1) 35... Rxh2 $19 36. Bxd6 {[#]} Bxg3 $1 {[%mdl 512]} 37. Bxg3 Rh3 $1 38. Rd7+ ({Reject} 38. Rg1 h4 $19) 38... Kh6 39. Rxb7 Rxg3+ {[%mdl 4096] Endgame KRN-KRN} 40. Kf4 Rxb3 41. Rc7 Rb1 42. Nd4 Rf1+ 43. Ke5 Re1 44. Rc8 Ng5+ 45. Kf6 Nh7+ 46. Kf7 Ra1 47. c5 {intending c6.} Ra7+ 48. Ke6 Ng5+ (48... h4 $19 {is more deadly. aiming for ...h3.} 49. Rb8 Ng5+ 50. Ke5 h3) 49. Kd5 (49. Ke5 $17) 49... h4 50. c6 (50. Rh8+ $142 Rh7 51. Ra8) 50... h3 51. Rb8 f4 52. Rb1 $2 (52. Rb2 Kh5 53. Nb5) 52... Kh5 53. Nb5 Ra8 54. Nd6 {If White can now play c7 this consolidates a bit.} Kg4 55. c7 h2 56. c8=Q+ Rxc8 57. Nxc8 Nh3 58. Nd6 Nf2 59. Kd4 h1=Q 60. Rxh1 Nxh1 {KN-KN} 61. Kd3 f3 62. Ke3 Ng3 $2 (62... g5 $19 63. Nc4 Kg3) 63. Nc4 $17 Nf5+ 64. Kf2 Kf4 65. Nb6 $2 {[%mdl 8192]} (65. Nb2 $17) 65... Ne7 66. Nd7 g5 67. Nc5 g4 68. Ne6+ Ke4 $2 (68... Kf5 $1 {mates} 69. Nc7 Ke5 70. Na6 Kf4 71. Nb4 g3+ 72. Kf1 Ke4 73. Na6 Nd5 74. Ke1 Ke3 75. Kd1 f2 76. Kc1 f1=Q+ {[%mdl 64] Double Attack} 77. Kc2 Qxa6 78. Kb2 g2 79. Kb3 g1=Q 80. Kb2 Qga1+ 81. Kc2 Qd3#) 69. Ng5+ $1 $11 Kf4 $2 {[%mdl 8192]} (69... Ke5 $11 70. Nxf3+ Kf6) 70. Ne6+ {[#]} Kf5 $1 {Black mates.} 71. Nd4+ {[#]} Ke4 $1 72. Ne6 Nf5 73. Ng5+ Kf4 74. Ne6+ Ke5 75. Ng5 Nd4 76. Kg3 Kf5 77. Nf7 Ne2+ 78. Kf2 Kf4 79. Nd8 g3+ 80. Ke1 g2 {Accuracy: White = 44%, Black = 85%.} 0-1

[Event "56th Rubinstein Memorial A 2020"]
[Site "Polanica Zdroj"]
[Date "2020.08.16"]
[Round "2.18"]
[White "Hertlein, Irena"]
[Black "Poltorak, Sebastian"]
[Result "0-1"]
[WhiteElo "1905"]
[BlackElo "1974"]
[Annotator "ChessBase"]
[PlyCount "64"]
[EventDate "2020.08.15"]
[EventType "swiss"]
[EventCountry "POL"]
[SourceTitle "playchess.com"]
[Source "ChessBase"]
[SourceQuality "1"]
[TimeControl "40/5400+30:1800+30"]

1. d4 {[%emt 0:00:00]} Nf6 {[%emt 0:00:00]} 2. Bf4 {[%emt 0:00:00]} b6 {[%emt 0:00:00]} 3. e3 {[%emt 0:00:13]} Bb7 {[%emt 0:00:00]} 4. Nf3 {[%emt 0:00:39]} g6 {[%emt 0:00:05]} 5. Nbd2 {[%emt 0:01:07]} Bg7 {[%emt 0:00:16]} 6. Be2 {[%emt 0:00:46]} d6 {[%emt 0:00:38]} 7. h3 {[%emt 0:01:06]} O-O {[%emt 0:00:07]} 8. O-O {[%emt 0:00:17]} Nfd7 {[%emt 0:00:06]} 9. Bh2 {[%emt 0:06:16]} e5 {[%emt 0:00:12]} 10. c4 {[%emt 0:03:31]} Qe7 {[%emt 0:01:29]} 11. d5 {[%emt 0:09:47]} a5 {[%emt 0:03:08]} 12. Rb1 {[%emt 0:06:46]} f5 {[%emt 0:03:01]} 13. Qc2 {[%emt 0:05:08]} Nc5 {[%emt 0:05:16]} 14. b3 {[%emt 0:02:10]} Nbd7 {[%emt 0:03:14]} 15. a3 {[%emt 0:00:37]} e4 {[%emt 0:00:57]} 16. Ne1 {[%emt 0:13:27]} Ne5 {[%emt 0:05:15]} 17. b4 {[%emt 0:00:15]} axb4 {[%emt 0:00:44]} 18. axb4 {[%emt 0:00:06]} Ncd7 {[%emt 0:00:06]} 19. Nb3 {[%emt 0:02:22]} b5 {[%emt 0:18:22]} 20. Na5 {[%emt 0:18:28]} Rfb8 {[%emt 0:00:58]} 21. Nxb7 {[%emt 0:00:36]} Rxb7 {[%emt 0:00:06]} 22. cxb5 {[%emt 0:00:21]} Rba7 {[%emt 0:03:11]} 23. Bc4 {[%emt 0:01:38]} Nxc4 {[%emt 0:01:43]} 24. Qxc4 {[%emt 0:00:07]} Nb6 {[%emt 0:03:27]} 25. Qc6 {[%emt 0:00:29]} Ra3 {[%emt 0:01:08]} 26. Rc1 {[%emt 0:08:44]} R8a7 {[%emt 0:00:26]} 27. f3 {[%emt 0:07:35]} Rxe3 {[%emt 0:02:51]} 28. fxe4 {[%emt 0:00:08]} Qxe4 {[%emt 0:00:57]} 29. Kh1 {[%emt 0:10:06]} Ra2 {[%emt 0:02:00]} 30. Rg1 {[%emt 0:01:19]} Rxh3 {[%emt 0:00:31]} 31. Qxc7 {[%emt 0:00:37]} Rxh2+ {[%emt 0:00:06]} 32. Kxh2 {[%emt 0:00:03]} Qh4# 0-1

[Event "56th Rubinstein Memorial A 2020"]
[Site "Polanica Zdroj"]
[Date "2020.08.16"]
[Round "2.19"]
[White "Luch, Michal"]
[Black "Hetzer, Volkhard"]
[Result "1-0"]
[WhiteElo "2409"]
[BlackElo "1911"]
[Annotator "TA"]
[PlyCount "85"]
[EventDate "2020.08.15"]
[EventType "swiss"]
[EventCountry "POL"]
[SourceTitle "playchess.com"]
[Source "ChessBase"]
[SourceQuality "1"]

{[%evp 16,85,44,31,38,29,35,11,52,52,83,77,92,97,123,91,88,88,131,137,138,99,106,92,152,151,151,151,151,151,151,147,152,126,151,147,151,135,160,165,166,175,202,191,194,186,200,141,294,229,404,396,430,422,394,308,311,320,293,309,319,309,279,228,430,370,1367,1365,1319,1313,29993,1023]} 1. d4 Nf6 2. c4 d6 3. Nf3 Nbd7 4. Nc3 e5 5. g3 Be7 6. Bg2 O-O 7. O-O c6 8. e4 a6 9. Qe2 b5 {A55: Old Indian Defence with Nf3 and e4.} 10. Rd1 {And now dxe5 would win.} Qc7 11. h3 {[#]} bxc4 $146 {The position is equal.} ({Predecessor:} 11... Re8 12. a3 exd4 13. Nxd4 Ne5 14. cxb5 axb5 15. Be3 Bb7 16. Rac1 Qb8 17. Nf5 Bf8 {0-1 (49) Krassowizkij,J (2450)-Kvetny,M (2414) Magdeburg 2019}) 12. Qxc4 Rb8 13. b3 Qa5 14. Bd2 Qb6 15. Na4 Qb5 {[#]} 16. Qc2 $1 Re8 17. Rac1 Bf8 18. Bc3 ({Much less strong is} 18. Qxc6 $6 Qxc6 19. Rxc6 Bb7 $14) 18... Qb7 19. Bb2 c5 ({Better is} 19... a5) 20. dxe5 $16 dxe5 21. Nd2 Qc7 22. Nc4 Bb7 23. Bc3 Bc6 24. Nab2 Bb5 25. Ba5 Qb7 26. Re1 Bc6 27. Rcd1 Re6 28. h4 g6 29. Bh3 Re7 {[%cal Rc6e4]} 30. f3 Nh5 31. Kh2 Bh6 $2 {This costs Black the game.} (31... Ng7 $16 32. Rd6 Ne8) 32. Nd3 f6 $2 (32... Bb5 33. Bxd7 Qxd7 34. Ndxe5 (34. Nxc5 Qc6 $16) 34... Qa7) 33. Bxd7 $18 Bxd7 34. Nxc5 Qc6 35. Nxd7 ({Not} 35. Rxd7 Rxd7 36. Nxd7 Qxd7 $18) 35... Rxd7 36. Rxd7 Qxd7 37. Rd1 Qb5 38. Rd5 Qc6 39. Qf2 Rb5 $2 (39... Bf8 {might work better.} 40. Bb6 Rc8) 40. Rd8+ Kg7 $2 (40... Bf8 41. Qa7 Qb7) 41. Qa7+ Rb7 {[#]} 42. Qa8 $1 {Intending Rh8 and mate.} Qb5 43. Rg8+ {Accuracy: White = 79%, Black = 42%.} 1-0

[Event "56th Rubinstein Memorial A 2020"]
[Site "Polanica Zdroj"]
[Date "2020.08.16"]
[Round "2.22"]
[White "Kowalczyk, Wojciech"]
[Black "Jachym, Adam"]
[Result "0-1"]
[WhiteElo "1873"]
[BlackElo "2042"]
[Annotator "TA"]
[PlyCount "66"]
[EventDate "2020.08.15"]
[EventType "swiss"]
[EventCountry "POL"]
[SourceTitle "playchess.com"]
[Source "ChessBase"]
[SourceQuality "1"]

{[%evp 9,66,25,29,37,40,31,29,21,43,61,57,53,61,43,68,31,37,51,83,78,78,30,81,80,89,80,104,122,98,36,39,58,87,81,101,90,136,121,216,222,189,0,0,0,0,-97,154,166,183,186,158,163,173,180,169,-137,-108,-29997,-29998]} 1. e4 Nf6 2. e5 Nd5 3. d4 d6 4. exd6 exd6 5. c4 Nf6 6. Nc3 {B03: Alekhine's Defence: Four Pawns Attack.} Be7 7. Nf3 O-O 8. Be2 {White has an edge.} Re8 9. O-O Nbd7 {[#]} 10. Re1 $146 ({Predecessor:} 10. Bf4 Nf8 11. h3 Ng6 12. Bh2 Bf5 13. Bd3 Bxd3 14. Qxd3 Qd7 15. Rab1 a5 16. Rfe1 {1-0 (62) Garcia Burguillo,J (1850)-Al Zarif Zabala,B (1778) Collado Villalba 2012}) 10... Nf8 11. Be3 Ng6 12. Qd2 c6 13. d5 Ng4 14. dxc6 bxc6 15. Bg5 N4e5 (15... f6 $11 16. Nd4 Qb6 17. Bxg4 Bxg4) 16. Bxe7 $16 Qxe7 17. Rad1 Rb8 18. b3 Bb7 19. Qxd6 (19. Nxe5 $16 dxe5 20. Qe3) 19... Nxf3+ $14 20. gxf3 Qg5+ 21. Qg3 Qa5 22. Ne4 Re5 23. Kf1 Bc8 (23... Ba6 $16) 24. h4 $1 $18 {[%cal Rh4h5] Black must now prevent h5!} f5 25. Nd6 $2 ({White should play} 25. Nf6+ $1 $18 Kh8 26. f4) 25... f4 $11 26. Qh2 {And now c5! would win.} Be6 $1 {Strongly threatening ...Rh5.} 27. Bd3 (27. c5 $1 $11 {keeps the balance.} Rh5 28. Bc4 Bxc4+ 29. Nxc4 Qxc5 30. Qh3 Rxh4 31. Qe6+ Kh8 32. Nd6 Rh1+ 33. Kg2 Rh2+ {[%mdl 64] Decoy} 34. Kxh2 Qxf2+ {[%mdl 64] Double Attack} 35. Kh1 Qxf3+ 36. Kg1 Qg3+ 37. Kf1 Qf3+ 38. Kg1 Qg3+ 39. Kh1 Qh4+ 40. Kg2 Qg3+ 41. Kf1 Qf3+ 42. Kg1) 27... Rf8 $2 {[%mdl 8192]} (27... Rxe1+ $1 $17 {stays on course.} 28. Rxe1 Ne5) 28. Bxg6 $1 $16 hxg6 {[#]} 29. Rxe5 $1 Qxe5 30. Ne4 Qb2 31. Rd2 Qb1+ {[#]} 32. Ke2 $2 (32. Kg2 $1 $18) 32... Bg4 $1 $17 {[%mdl 1024] ( -> ...Qxe4+). Black has strong compensation.} 33. Qg2 $2 {[%mdl 8192]} (33. Nd6 $17) 33... Qxe4+ {Accuracy: White = 63%, Black = 63%.} 0-1

[Event "56th Rubinstein Memorial A 2020"]
[Site "Polanica Zdroj"]
[Date "2020.08.16"]
[Round "2.23"]
[White "Domanski, Lukasz"]
[Black "Kazmierowski, Tymon"]
[Result "0-1"]
[WhiteElo "2039"]
[BlackElo "1844"]
[Annotator "TA"]
[PlyCount "62"]
[EventDate "2020.08.15"]
[EventType "swiss"]
[EventCountry "POL"]
[SourceTitle "playchess.com"]
[Source "ChessBase"]
[SourceQuality "1"]

{[%evp 15,62,10,8,3,13,25,16,24,44,51,39,29,25,36,16,-21,74,27,208,141,514,503,488,93,100,-119,-114,-387,-383,-359,-379,-372,-381,-375,-372,-826,-831,-773,-688,-971,-969,-951,-887,-1204,-918,-1212,-1232,-1274,-1243]} 1. e4 c5 2. Nf3 d6 3. d4 cxd4 4. Nxd4 Nf6 5. Nc3 a6 6. Bd3 e5 7. Nde2 Be7 8. O-O O-O 9. Ng3 {B90: Sicilian Najdorf: Unusual White 6th moves, 6 Be3 Ng4 and 6 Be3 e5.} Be6 10. Nd5 Nbd7 11. c4 {The position is equal.} Rc8 {[#]} 12. b4 $146 ({Predecessor:} 12. h3 Nc5 13. Bc2 b5 14. cxb5 axb5 15. f4 Ncd7 16. Nxe7+ Qxe7 17. Rf2 exf4 18. Bxf4 {½-½ (46) Zanan,E (2493)-Raja,R (2381) El Prat 2019}) 12... Nb6 13. Qe2 Nfxd5 14. exd5 Bd7 15. f4 Bf6 (15... e4 $11 {keeps the balance.} 16. Nxe4 Re8) 16. Bb2 $16 {[%cal Rf4e5]} Re8 $2 (16... exf4 $1 $11 {and Black stays safe.} 17. Rxf4 Bxb2 18. Qxb2 Na4) 17. Ne4 Be7 $2 {[%mdl 8192]} (17... Na4 $16 {is a better chance.}) 18. fxe5 $18 dxe5 {[#]} 19. Bxe5 $2 ({Not} 19. d6 Bh4 $18) (19. Rxf7 $3 $18 {[%mdl 512] and the rest is easy.} Rf8 (19... Kxf7 20. Qh5+) 20. Rxf8+ Bxf8 21. Rf1) 19... f5 $16 20. Qh5 $2 {[#]} (20. c5 $16 {and life is bright.}) 20... g6 $1 $17 {[%cal Rg6h5]} 21. Qh6 $4 {[%mdl 8192]} (21. Qf3 $17 Nxc4 22. Bxc4 Rxc4 {[%mdl 64] Double Attack} 23. Nd2 Rxb4 24. Kh1) 21... Bf8 $19 {[%mdl 64] Discovered Attack} 22. Qf4 {Hoping for Nf6+.} Rxe5 $1 {[%mdl 64] Remove Defender} 23. Qxe5 {Nf6+ is the strong threat.} Bg7 {[%mdl 64] Skewer} ({Less strong is} 23... fxe4 24. Qxe4 Bxb4 25. Rab1 $15) 24. Qf4 {Threatens to win with Nd6.} fxe4 25. Rae1 $2 (25. Bxe4 Bxa1 26. Qf7+ Kh8 27. Rxa1 Rxc4 28. Re1) 25... exd3 {Black is clearly winning.} 26. c5 Bf5 27. cxb6 Qxd5 28. Kh1 h5 29. Rd1 {[#]} Rc2 $1 {[%csl Gc2][%cal Rd5g2]} 30. Rd2 Qd4 {( -> ...Qxf4)} 31. Qxd4 Bxd4 {Accuracy: White = 26%, Black = 65%.} 0-1

[Event "56th Rubinstein Memorial A 2020"]
[Site "Polanica Zdroj"]
[Date "2020.08.16"]
[Round "2.24"]
[White "Grzesik, Norbert"]
[Black "Rog, Bartlomiej"]
[Result "1-0"]
[WhiteElo "1980"]
[BlackElo "1866"]
[Annotator "TA"]
[PlyCount "65"]
[EventDate "2020.08.15"]
[EventType "swiss"]
[EventCountry "POL"]
[SourceTitle "playchess.com"]
[Source "ChessBase"]
[SourceQuality "1"]

{[%evp 9,65,27,128,83,141,83,87,43,101,21,29,20,31,29,71,65,56,52,51,41,54,37,39,26,33,4,11,12,130,119,118,126,112,114,112,114,144,122,136,121,159,168,322,322,633,400,430,293,288,299,283,268,697,693,2890,2702,5210,5210]} 1. e4 e5 2. Nf3 Nc6 3. Bb5 Nge7 4. c3 f6 5. d4 Ng6 (5... d5 $11 {remains equal.}) 6. O-O {C60: Ruy Lopez: Unusual Black 3rd moves and 3...g6.} Bd6 {[#]} (6... a6 $142 7. Bc4 b6) 7. d5 $146 (7. h4 $142) ({Predecessor:} 7. Be3 a6 8. Bd3 b5 9. d5 Nce7 10. a4 bxa4 11. Nbd2 Rb8 12. Nc4 O-O 13. Qc2 {1-0 (28) Sadler,K (1587)-Arocha,F (1156) LSS email 2009}) 7... Nce7 $16 8. Bd3 {White is better.} O-O (8... c6 $14) 9. c4 (9. Nbd2 $16) 9... Bc5 $11 10. Nc3 d6 11. Na4 Bd7 12. Nxc5 dxc5 13. Qe2 a5 14. b3 Nc8 15. Bd2 Nd6 16. a3 f5 17. exf5 Bxf5 18. Ng5 Qf6 {[#] White now steadily converts the win.} (18... Nf4 $1 $11 {keeps the balance.} 19. Bxf4 exf4) 19. Bxf5 $1 $16 Nxf5 {[#]} 20. Qh5 $1 $40 {[%csl Gg5][%cal Rh5h7][%mdl 128] White attacks with force.} h6 21. Ne6 Rf7 22. Nxc5 Nd4 23. Ne4 ({Inferior is} 23. Nxb7 Nxb3 24. Qd1 Nxa1 $17) 23... Qa6 24. d6 Nf4 25. Bxf4 $1 ({Don't take} 25. Qxe5 Rf5 $16) 25... Rf5 $2 (25... exf4 26. Qd1 c5) 26. Bg5 $18 Qc6 $2 (26... hxg5 27. Nxg5 Rxg5 28. Qxg5 cxd6) 27. Rae1 Raf8 28. Qg6 hxg5 29. Nxg5 Rxg5 30. Qxg5 Rf5 $2 (30... cxd6 31. Rb1 b6) 31. Qd8+ {[%mdl 64] Double Attack. White is clearly winning.} Kh7 32. dxc7 Ne6 33. c8=Q {Accuracy: White = 73%, Black = 43%.} 1-0

[Event "56th Rubinstein Memorial A 2020"]
[Site "Polanica Zdroj"]
[Date "2020.08.16"]
[Round "2.25"]
[White "Kolodziejski, Piotr"]
[Black "Stachecki, Mikolaj"]
[Result "1-0"]
[WhiteElo "1928"]
[BlackElo "1806"]
[Annotator "RC"]
[PlyCount "45"]
[EventDate "2020.08.15"]
[EventType "swiss"]
[EventCountry "POL"]
[SourceTitle "playchess.com"]
[Source "ChessBase"]
[SourceQuality "1"]
[TimeControl "40/5400+30:1800+30"]

1. e4 {[%emt 0:00:00]} c5 {[%emt 0:00:00]} 2. Nf3 {[%emt 0:00:00]} d6 {[%emt 0:00:00]} 3. d4 {[%emt 0:00:00]} cxd4 {[%emt 0:00:00]} 4. Nxd4 {[%emt 0:00:03]} Nf6 {[%emt 0:00:00]} 5. f3 {[%emt 0:00:40]} e5 {[%emt 0:00:12]} 6. Nb3 {[%emt 0:00:29]} Nc6 {[%emt 0:01:44]} 7. c4 {[%emt 0:04:25]} Be7 {[%emt 0:26:39]} 8. Be3 {[%emt 0:04:26]} O-O {[%emt 0:00:21]} 9. Nc3 {[%emt 0:01:40]} Be6 {[%emt 0:00:18]} 10. Be2 {[%emt 0:04:35]} Rc8 {[%emt 0:12:51]} 11. O-O {[%emt 0:04:01]} Na5 {[%emt 0:13:00]} 12. Nxa5 {[%emt 0:04:22]} Qxa5 {[%emt 0:00:13]} 13. Nd5 {[%emt 0:04:58]} Nxd5 {[%emt 0:06:26]} 14. cxd5 {[%emt 0:02:59]} Bd7 {[%emt 0:00:02]} 15. Qb3 {[%emt 0:09:26]} b5 {[%emt 0:05:26]} 16. g4 {[%emt 0:05:30]} Bd8 {[%emt 0:02:40]} 17. Rac1 {[%emt 0:04:57]} Bb6 {[%emt 0:00:42]} 18. Bxb6 {[%emt 0:04:45]} Qxb6+ {[%emt 0:00:06]} 19. Kg2 {[%emt 0:00:22]} Rc7 {[%emt 0:07:59]} 20. Rxc7 {[%emt 0:08:52]} Qxc7 {[%emt 0:00:04]} 21. f4 {[%emt 0:02:40]} f6 {[%emt 0:11:33]} 22. fxe5 {[%emt 0:04:53]} dxe5 {[%emt 0:02:25]} 23. d6+ {[%emt 0:01:17]} 1-0

[Event "56th Rubinstein Memorial A 2020"]
[Site "Polanica Zdroj"]
[Date "2020.08.16"]
[Round "2.26"]
[White "Topola, Rafal"]
[Black "Mirowska, Oliwia"]
[Result "1/2-1/2"]
[WhiteElo "1808"]
[BlackElo "1898"]
[Annotator "NA"]
[PlyCount "63"]
[EventDate "2020.08.15"]
[EventType "swiss"]
[EventCountry "POL"]
[SourceTitle "playchess.com"]
[Source "ChessBase"]
[SourceQuality "1"]
[TimeControl "40/5400+30:1800+30"]

1. e4 {[%emt 0:00:00]} c6 {[%emt 0:00:00]} 2. d4 {[%emt 0:00:00]} g6 {[%emt 0:00:00]} 3. Nc3 {[%emt 0:00:42]} Bg7 {[%emt 0:00:00]} 4. Nf3 {[%emt 0:01:21]} d5 {[%emt 0:03:33]} 5. Bf4 {[%emt 0:06:04]} Qb6 {[%emt 0:04:57]} 6. a3 {[%emt 0:11:34]} Bg4 {[%emt 0:14:18]} 7. e5 {[%emt 0:25:04]} Nh6 {[%emt 0:06:50]} 8. Bxh6 {[%emt 0:02:40]} Bxh6 {[%emt 0:00:13]} 9. Be2 {[%emt 0:00:24]} Nd7 {[%emt 0:04:52]} 10. O-O {[%emt 0:06:10]} O-O {[%emt 0:04:34]} 11. b4 {[%emt 0:01:26]} Qc7 {[%emt 0:01:44]} 12. h3 {[%emt 0:02:22]} Bxf3 {[%emt 0:14:17]} 13. Bxf3 {[%emt 0:00:05]} e6 {[%emt 0:00:21]} 14. Be2 {[%emt 0:01:17]} b6 {[%emt 0:00:26]} 15. f4 {[%emt 0:01:14]} a6 {[%emt 0:01:01]} 16. Na4 {[%emt 0:02:47]} c5 {[%emt 0:01:27]} 17. c3 {[%emt 0:01:02]} Rfc8 {[%emt 0:15:34]} 18. g4 {[%emt 0:02:19]} cxd4 {[%emt 0:03:02]} 19. cxd4 {[%emt 0:00:32]} Qc2 {[%emt 0:01:33]} 20. g5 {[%emt 0:00:51]} Bf8 {[%emt 0:00:28]} 21. Qxc2 {[%emt 0:01:42]} Rxc2 {[%emt 0:00:10]} 22. Bd3 {[%emt 0:00:02]} Rcc8 {[%emt 0:06:37]} 23. Rfc1 {[%emt 0:00:10]} b5 {[%emt 0:00:25]} 24. Rxc8 {[%emt 0:01:48]} Rxc8 {[%emt 0:00:08]} 25. Nc5 {[%emt 0:00:04]} Bxc5 {[%emt 0:05:53]} 26. bxc5 {[%emt 0:00:01]} Nb8 {[%emt 0:00:19]} 27. Kf2 {[%emt 0:00:01]} Kg7 {[%emt 0:00:30]} 28. a4 {[%emt 0:02:40]} b4 {[%emt 0:00:29]} 29. a5 {[%emt 0:00:28]} Rc7 {[%emt 0:00:58]} 30. Rb1 {[%emt 0:02:09]} Rb7 {[%emt 0:00:09]} 31. Ke3 {[%emt 0:00:07]} Kf8 {[%emt 0:01:25]} 32. Rb3 {[%emt 0:09:45]} 1/2-1/2